Managerial accounting / (Record no. 4107)

MARC details
000 -LEADER
fixed length control field 00774cam a2200277 a 4500
001 - CONTROL NUMBER
control field BD-DhSAU 4107
003 - CONTROL NUMBER IDENTIFIER
control field BD-DhSAU
005 - DATE AND TIME OF LATEST TRANSACTION
control field 20150301101203.0
008 - FIXED-LENGTH DATA ELEMENTS--GENERAL INFORMATION
fixed length control field 101028s2012 nyua 001 0 eng
020 ## - INTERNATIONAL STANDARD BOOK NUMBER
International Standard Book Number 9780073379616
020 ## - INTERNATIONAL STANDARD BOOK NUMBER
International Standard Book Number 0073379611
040 ## - CATALOGING SOURCE
Original cataloging agency BD-DhSAU
082 00 - DEWEY DECIMAL CLASSIFICATION NUMBER
Classification number 658.1511
Edition number 22
Item number G1937
100 1# - MAIN ENTRY--PERSONAL NAME
Personal name Garrison, Ray H.
245 10 - TITLE STATEMENT
Title Managerial accounting /
Statement of responsibility, etc. Ray H. Garrison, Eric W. Noreen, Peter C. Brewer.
250 ## - EDITION STATEMENT
Edition statement 13th ed.
260 ## - PUBLICATION, DISTRIBUTION, ETC. (IMPRINT)
Place of publication, distribution, etc. New York :
Name of publisher, distributor, etc. McGraw-Hill/Irwin ,
Date of publication, distribution, etc. c2012.
300 ## - PHYSICAL DESCRIPTION
Extent xxvii, 804 p. :
Other physical details ill. ;
Dimensions 28 cm.
500 ## - GENERAL NOTE
General note New arrival 2014
504 ## - BIBLIOGRAPHY, ETC. NOTE
Bibliography, etc Includes index.
590 ## - Name of Cataloguer
Name of Cataloger tamanna
650 #0 - SUBJECT ADDED ENTRY--TOPICAL TERM
Topical term or geographic name as entry element Managerial accounting.
650 #0 - SUBJECT ADDED ENTRY--TOPICAL TERM
Topical term or geographic name as entry element management
700 1# - ADDED ENTRY--PERSONAL NAME
Personal name Noreen, Eric W.
700 1# - ADDED ENTRY--PERSONAL NAME
Personal name Brewer, Peter C.
942 ## - ADDED ENTRY ELEMENTS (KOHA)
Source of classification or shelving scheme Dewey Decimal Classification
Koha item type Book
Holdings
Withdrawn status Lost status Source of classification or shelving scheme Damaged status Not for loan Home library Branch Name Shelving location Date acquired Total Checkouts Full call number Barcode Date last seen Date checked out Price effective from Koha item type Collection code
    Dewey Decimal Classification     SAU Library SAU Library General Stacks 25/06/2014 4 658.1511 G1937 38170 02/02/2023 22/11/2022 11/02/2015 Book  
    Dewey Decimal Classification     SAU Library SAU Library General Stacks 25/06/2014 6 658.1511 G1937 38171 02/02/2023 22/12/2022 11/02/2015 Book  
    Dewey Decimal Classification     SAU Library SAU Library General Stacks 25/06/2014 5 658.1511 G1937 38169 16/01/2023 10/01/2023 11/02/2015 Book  
    Dewey Decimal Classification   Not For Loan SAU Library SAU Library Reference 25/06/2014   658.1511 G1937 38168 11/02/2015   11/02/2015 Book Reference